| 000 | 00376nam a2200133Ia 4500 | ||
|---|---|---|---|
| 008 | 191014s9999 xx 000 0 und d | ||
| 020 | _aLC 71-135884 | ||
| 082 |
_a516.36 _bWAR |
||
| 100 |
_aFrank W. Warner _920398 |
||
| 245 | 0 | _aFoundations of Differentiable Manifolds and Lie Groups | |
| 260 |
_aUSA _bScott Foresman and Company _c1971 |
||
| 300 | _aPeg,277 | ||
| 942 | _cBK | ||
| 999 |
_c530978 _d530978 |
||